000 00520nam a2200181Ia 4500
005 20250508160255.0
008 008 250505s9999 xx 000 0 eng d
037 _aTextual
040 _aFEDL
_beng
_cFEDL
041 _aeng
_2eng
084 _a925, BAK
_qFEDL
100 _aBaker John R
_9768213
245 0 _aAbraham trembley of geneva : Scientist and philosopher
260 _aLondon, UK
_bEdward Arnold and Company
_c1952
300 _a259p.
942 _cTEXL
_h925, BAK
999 _c1363313
_d1363313